| 000 | 00505nam a2200157 a 4500 | ||
|---|---|---|---|
| 001 | 4142 | ||
| 003 | CDMR | ||
| 005 | 20130503112101.0 | ||
| 008 | 130130s1981||||||||||||||||||||||||||||d | ||
| 040 |
_aCDMR _bcat _cCDMR |
||
| 111 |
_93046 _aSetmana d'Estudis Socials _cBarcelona _d1981 _n17a |
||
| 245 | 0 |
_aAutonomia i mitjans de comunicació _b: XVII setmana d'estudis socials |
|
| 260 |
_aBarcelona _c1981 _bDiputació de Barcelona |
||
| 650 | 0 | 4 |
_91448 _aMitjans de comunicació de massa _zCatalunya |
| 942 |
_cMON _2udc |
||
| 999 |
_c4142 _d4142 |
||